Представление документа в формате RUSMARC

ПолеНазваниеЗначение
  Тип записи a
  Библиографический уровень m
001 Контрольный номер 99d6357feaa3491bbef72d321b5b07f5
005 Дата корректировки 20141120150853.3
010 Индекс ISBN __
a ISBN 978-5-4377-0022-8
101 Язык документа 0_
a Язык текста rus
102 Страна публикации __
a Страна публикации RU
200 Заглавие и сведения об ответственности 1_
a Заглавие Товароведение, экспертиза в таможенном деле
e Сведения, относящиеся к заглавию учеб. пособие для вузов
b Общее обозначение материала Текст
f Первые сведения об ответственности А. В. Виноградова [и др.]
210 Выходные данные 1_
d Дата издания 2013
c Издательство Троицкий мост
a Место издания Санкт-Петербург
215 Физическое описание __
a Объем 389 [3] с.
610 Ключевые слова 0_
a Ключевые слова учебное пособие
a Ключевые слова качество товаров
a Ключевые слова экспертиза товаров
a Ключевые слова классификация товаров
a Ключевые слова фальсификация товаров
a Ключевые слова таможенное дело
686 Индексы других классификаций __
a Классификационный индекс 65.9(2)843-18я73
2 Код системы rubbk
686 Индексы других классификаций __
a Классификационный индекс 30.609я73
2 Код системы rubbk
701 Альтернативная интеллектуальная ответственность _1
a Фамилия Виноградова
b Имя А.В.
g Полное личное имя Анна Вячеславовна
701 Альтернативная интеллектуальная ответственность _1
a Фамилия Котоменкова
b Имя О.Г.
g Полное личное имя Ольга Геннадьевна
701 Альтернативная интеллектуальная ответственность _1
a Фамилия Петрова
b Имя Т.Б.
g Полное личное имя Татьяна Борисовна
701 Альтернативная интеллектуальная ответственность _1
a Фамилия Потина
b Имя Г.В.
g Полное личное имя Галина Владимировна
701 Альтернативная интеллектуальная ответственность _1
a Фамилия Пятковская
b Имя Е.Ю.
g Полное личное имя Елена Юрьевна
801 Источник записи _0
a Страна RU
b Организация РУК
c Дата составления 20131024
g Правила каталогизации PSBO
801 Источник записи _1
a Страна RU
b Организация РУК
c Дата составления 20131024
g Правила каталогизации PSBO
852 Данные о местонахождении __
j Шифр хранения ББК 65.9(2)8
i Авторский знак Т 50
901 Тип документа __
t Тип документа m
938 Служебная информация __
a Название организации Головной вуз
b Имя БД BOOK
c Название АИБС АИБС ИРБИС
952 Тип литературы __
b Гриф литературы для ВШ гриф УМО